000 00603cab a22001935a 4500
001 L154431
008 111130e20111128xxk 000 0 eng d
035 _a(Sirsi) u154431
041 0 _aeng
100 1 _aSainsbury, Laura
245 0 0 _aCost of heating
260 _c2011
490 _aEstates Gazette
_v(1147) 26 November 2011, 99(1)
520 _aLooks at renewable heat incentives (RHIs) for commercial property. Explains how RHI tariffs work. Case study.
590 _aKA
651 4 _aENGLAND AND WALES
690 _aENVIRONMENTAL AND LAND CONSULTANCY-ENERGY-RENEWABLE ENERGY
942 _n0
999 _c83616
_d83616